000 00924nam a22001937a 4500
010 _a1617CH-EN
020 _a9788175820647
_c250.00
035 _aB-645369-398
035 _aB-663979
037 _aDPL
_bPBD/Ven.
082 _a507.8
245 _aBluebird's 101 science experiments:
_bfind out how much fun science can be through 101 fascinating experiments? /
260 _aNew Delhi
_bbluebird books
_c2015
270 _a4598/12-B, Ansari Road, Darya Ganj
_bNew Delhi
_e110002
300 _a104p.
_c27cm(Hb)
942 _2ddc
_cCH
_mBLU
_h507.8
999 _c100806
_d100806